000
00306nam a22001337a 4500
082
_a
823
_b
HAR/C
100
_a
HARDY, THOMAS
245
_a
CLASSIC WORKS OF HARDY
_b
SHORT STORY
260
_a
CHERTHALA
_b
SHARON BOOKS
_c
2009
300
_a
66
520
_a
CLASSIC STORY
650
_a
CLASSIC STORY
942
_c
BK
999
_c
3664
_d
3664